000 01785nam a22003977a 4500
999 _c29550
_d29521
003 EG-ScBUE
005 20211004140914.0
008 210930s2007 ua f b 000 0 ara d
017 _a2007/21617
020 _a9774374924
040 _aEG-ScBUE
_bara
_erda
_cEG-ScBUE
_dEG-ScBUE
041 1 _aara
_hspa
082 0 4 _a‪792.025
_bد ي ي
_222
100 1 _aدييغو، روسا دي،
_eمؤلف.
240 1 0 _aMaquina escenica : drama, espacio, tecnologia.
_lArabic
245 1 2 _aالتكنولوجيا والمسرح /
_cتأليف روسا دي دييغو، ليديا باثكيث ؛ ترجمة وتقديم د. خالد سالم ؛ أ. د. مراجعة سليمان العطار.
264 1 _a[القاهرة] :
_bوزارة الثقافة، مهرجان القاهرة الدولي للمسرح التجريبي،
_c[2007]
300 _a319 صفحة ؛
_c25 سم
336 _2rdacontent
_aنص
_btxt
337 _2rdamedia
_aبدون وسيط
_bn
338 _2rdacarrier
_aمجلد
_bnc
490 0 _aألف باء
504 _aيشتمل على إرجاعات ببليوجرافية.
541 _cDonation.
546 _aالنص باللغة العربية وتم ترجمته من اللغة الإسبانية.
650 7 _aالمسارح
_x‪إلكترونيات وضبط الصوت.
_2BUEsh
_917468
650 7 _aالمسارح
_x‪تصميم.
_2BUEsh
_917468
650 7 _aالمسرح
_x‪تجهيز.
_2BUEsh
650 7 _aالمسرح
_x‪الطرق الفنية.
_2BUEsh
653 7 _aBUEsh
_bGGEN
_cSeptember2021
655 7 _2BUEsh
_vReading book
_934232
700 1 _aباثكيث، ليديا،
_eمؤلف.
700 1 _a‪سالم، خالد،
_eمترجم.
_eمقدم.
700 1 _aالعطار، سليمان،
_eمراجع.
942 _2ddc